Slovensko-ukrajinský slovník

Na minha lista:
Detalhes bibliográficos
Autor principal: Bunganič, Peter
Formato: Livro
Idioma:eslovaco
ucraniano
Publicado em: Bratislava Slovenské pedagogické nakladateľstvo 1985
Tags: Adicionar Tag
Sem tags, seja o primeiro a adicionar uma tag!

MARC

LEADER 00000nam a2200000 4500
001 c040254
005 20260326104413.5
041 0 |a slo 
041 0 |a ukr 
044 |a SK 
245 1 0 |a Slovensko-ukrajinský slovník  |c Peter Bunganič 
264 1 |a Bratislava  |b Slovenské pedagogické nakladateľstvo  |c 1985 
300 |a 688 s. 
100 1 |a Bunganič, Peter